[Event "Zagreb Damjanovic Memorial 3rd"]
[Site "Zagreb"]
[Date "2019.11.16"]
[Round "8"]
[White "Cebalo, Miso"]
[Black "Tusek, Milan"]
[Result "1/2-1/2"]
[WhiteElo "2184"]
[BlackElo "1954"]
[PlyCount "66"]
[EventDate "2019.11.09"]
[EventType "swiss"]
[EventRounds "9"]
[EventCountry "CRO"]
[SourceTitle "CBM 193 Extra"]
[Source "ChessBase"]
[SourceDate "2020.01.31"]
[SourceVersion "1"]
[SourceVersionDate "2020.01.31"]
[SourceQuality "1"]

1. Nf3 Nf6 2. c4 c5 3. Nc3 d5 4. cxd5 Nxd5 5. g3 Nc6 6. Bg2 Nc7 7. d3 e5 8. 0-0 Be7 9. Be3 0-0 10. Rc1 Ne6 11. Na4 Qa5 12. Nd2 Ncd4 13. b3 f6 14. Bxd4 cxd4 15. Qc2 Rb8 16. Nc4 Qd8 17. Nab2 b5 18. Nd2 Bb7 19. Bxb7 Rxb7 20. Qc6 Rb6 21. Qf3 Ba3 22. Rc2 Bxb2 23. Rxb2 Qc7 24. b4 Rc6 25. Qd5 a6 26. Nb3 Kh8 27. Rbb1 Rd8 28. Qf3 Rc8 29. Rfc1 Rc3 30. Qd5 Qc6 31. Qxc6 R8xc6 32. Kf1 Kg8 33. Rxc3 Rxc3 1/2-1/2

[Event "Ivanic CC-ch"]
[Site "Ivanic Grad"]
[Date "2009.02.08"]
[Round "1"]
[White "Tusek, Milan"]
[Black "Dezelic, Goran"]
[Result "1-0"]
[WhiteElo "2074"]
[BlackElo "1930"]
[PlyCount "65"]
[EventDate "2009.02.08"]
[EventType "tourn"]
[EventRounds "5"]
[EventCountry "CRO"]
[SourceTitle "EXT 2019"]
[Source "ChessBase"]
[SourceDate "2018.10.10"]
[SourceVersion "1"]
[SourceVersionDate "2018.10.10"]
[SourceQuality "1"]

1. e4 c5 2. Nf3 d6 3. d4 cxd4 4. Nxd4 Nf6 5. Nc3 a6 6. Be2 e6 7. 0-0 Be7 8. f4 Qc7 9. Kh1 0-0 10. Be3 Nc6 11. Qe1 Re8 12. Qg3 Na5 13. Rad1 b5 14. e5 Nd7 15. exd6 Bxd6 16. Ne4 Be7 17. Bd3 Nc4 18. Bc1 Ncb6 19. Qh3 Nf8 20. f5 e5 21. Nf3 f6 22. Qh5 Bb7 23. Qg4 Kh8 24. Nh4 Bd5 25. Qh5 Kg8 26. Rf3 Bf7 27. Qg4 h5 28. Qh3 Nd5 29. Ng6 Nf4 30. Bxf4 Bxg6 31. fxg6 exf4 32. Qxh5 Qe5 33. Qg4 1-0